000 00724nam a2200241Ia 4500
003 OSt
005 20220927105458.0
006 a|||||r|||| 00| 0
007 ta
008 220926b |||||||| |||| 00| 0 eng d
024 _a184741
037 _cReference Collections
040 _aRTL
_cRTL
_beng
041 _2eng
_aeng
082 _a"V1N45,93:3.N88r, M8.15/UN"
110 _aUNITED NATIONS
245 0 _aGeneral assembly official records
_b42nd session.
260 _aNew
_bDelhi Lok Sabha secretariat
_c1988
300 _a"vi,25p. Suppl.15"
_ccm.
700 _aUNITED NATIONS
942 _h"V1N45,93:3.N88r, M8.15/UN"
_cCC
999 _c692759
_d692759